Uplatnenie umelej inteligencie pri vedení účtovníctva bakalárska práca

Salvato in:
Dettagli Bibliografici
Autore principale: Luteránová, Laura
Ente Autore: Podnikovohospodárska fakulta EU so sídlom v Košiciach. Katedra kvantitatívnych metód
Altri autori: Závadský, Cyril, 1971-
Natura: Libro
Lingua:slovacco
Pubblicazione: Košice 2024
Tags: Aggiungi Tag
Nessun Tag, puoi essere il primo ad aggiungerne!!

MARC

LEADER 00000nbm a2200000 4500
001 0301521
005 20250224095032.3
041 0 |a slo 
044 |a SK 
245 1 0 |a Uplatnenie umelej inteligencie pri vedení účtovníctva  |b bakalárska práca  |c Laura Luteránová ; školiteľ: Cyril Závadský 
264 1 |a Košice  |c 2024 
300 |a 43 s. 
100 1 |a Luteránová, Laura 
700 1 |a Závadský, Cyril, 1971- 
710 2 |a Podnikovohospodárska fakulta EU so sídlom v Košiciach. Katedra kvantitatívnych metód